Využitie metód value-at-risk na meranie kurzového rizika dizertačná práca

Saved in:
Bibliographic Details
Main Author: Rimarčík, Marián
Corporate Author: Ekonomická univerzita v Bratislave. Podnikovohospodárska fakulta so sídlom v Košiciach
Other Authors: Varcholová, Tatiana
Format: Book
Language:Slovak
Published: Košice 2004
Subjects:
Tags: Add Tag
No Tags, Be the first to tag this record!

MARC

LEADER 00000nam$a2200000$$$4500
001 0040404
005 20240104093401.5
041 0 |a slo 
044 |a SK 
245 1 0 |a Využitie metód value-at-risk na meranie kurzového rizika  |b dizertačná práca  |c Marián Rimarčík ; školiteľ: Tatiana Varcholová 
264 1 |a Košice  |c 2004 
300 |a 153 s. 
610 2 0 |a riziko kurzové 
610 2 0 |a metódy matematické 
610 2 0 |a analýza faktorová 
610 2 0 |a výnosy 
610 2 0 |a mena 
100 1 |a Rimarčík, Marián 
700 1 |a Varcholová, Tatiana 
710 2 |a Ekonomická univerzita v Bratislave. Podnikovohospodárska fakulta so sídlom v Košiciach